000 00819cam a22002414a 4500
001 12034244
005 20180313101400.0
008 000608s2001 nyua b 001 0 eng
010 _a 00043351
020 _a047135483X (alk. paper)
040 _aDLC
_cDLC
_dDLC
041 _aeng
042 _apcc
080 _a647.94068 STU
082 0 0 _a647.94068 STU
_221
100 1 _a54
101 _aMEN
245 1 0 _aHotel and lodging management :
_cAlan T. Stutts ; contributing author, James F. Wortman.
504 _aIncludes bibliographical references and index.
906 _a7
_bcbc
_corignew
_d1
_eocip
_f20
_gy-gencatlg
942 _2ddc
_cBK
999 _c44927
_d44927